<?xml version="1.0" encoding="UTF-8"?>
<record
    xmlns:xsi="http://www.w3.org/2001/XMLSchema-instance"
    xsi:schemaLocation="http://www.loc.gov/MARC21/slim http://www.loc.gov/standards/marcxml/schema/MARC21slim.xsd"
    xmlns="http://www.loc.gov/MARC21/slim">

  <leader>00743aam a2200253   4500</leader>
  <controlfield tag="005">20161109112255.0</controlfield>
  <controlfield tag="008">150525b        xxu||||| |||| 00| 0 spa d</controlfield>
  <datafield tag="041" ind1=" " ind2=" ">
    <subfield code="a">Espa&#xF1;ol</subfield>
  </datafield>
  <datafield tag="082" ind1=" " ind2=" ">
    <subfield code="a">374 V335p</subfield>
    <subfield code="b"> </subfield>
  </datafield>
  <datafield tag="100" ind1=" " ind2=" ">
    <subfield code="a">Vasquez, Elbia Myriam</subfield>
    <subfield code="9">19425</subfield>
  </datafield>
  <datafield tag="245" ind1=" " ind2=" ">
    <subfield code="a">Principios y t&#xE9;cnicas de educaci&#xF3;n para adultos</subfield>
  </datafield>
  <datafield tag="260" ind1=" " ind2=" ">
    <subfield code="a">Costa Rica</subfield>
    <subfield code="b">EUNED</subfield>
    <subfield code="c">2005</subfield>
  </datafield>
  <datafield tag="300" ind1=" " ind2=" ">
    <subfield code="a">376 p&#xE1;ginas</subfield>
  </datafield>
  <datafield tag="650" ind1=" " ind2=" ">
    <subfield code="a">EDUCACI&#xD3;N DE ADULTOS</subfield>
    <subfield code="9">13211</subfield>
  </datafield>
  <datafield tag="650" ind1=" " ind2=" ">
    <subfield code="a">ACTO EDUCATIVO</subfield>
    <subfield code="9">19426</subfield>
  </datafield>
  <datafield tag="650" ind1=" " ind2=" ">
    <subfield code="a">ORIENTACI&#xD3;N DE ADULTOS</subfield>
    <subfield code="9">19427</subfield>
  </datafield>
  <datafield tag="650" ind1=" " ind2=" ">
    <subfield code="a">PROCESO EDUCATIVO</subfield>
    <subfield code="9">877</subfield>
  </datafield>
  <datafield tag="650" ind1=" " ind2=" ">
    <subfield code="a">APRENDIZAJE</subfield>
    <subfield code="9">30653</subfield>
  </datafield>
  <datafield tag="650" ind1=" " ind2=" ">
    <subfield code="a">METODOS</subfield>
    <subfield code="9">30654</subfield>
  </datafield>
  <datafield tag="650" ind1=" " ind2=" ">
    <subfield code="a">TECNICAS </subfield>
    <subfield code="9">1319</subfield>
  </datafield>
  <datafield tag="650" ind1=" " ind2=" ">
    <subfield code="a">PEDAGOGIA TECNOL&#xD3;GICA</subfield>
    <subfield code="9">19430</subfield>
  </datafield>
  <datafield tag="650" ind1=" " ind2=" ">
    <subfield code="a">DIN&#xC1;MICA DE GRUPOS</subfield>
    <subfield code="9">6400</subfield>
  </datafield>
  <datafield tag="942" ind1=" " ind2=" ">
    <subfield code="c">BK</subfield>
  </datafield>
  <datafield tag="999" ind1=" " ind2=" ">
    <subfield code="c">2251</subfield>
    <subfield code="d">2251</subfield>
  </datafield>
  <datafield tag="952" ind1=" " ind2=" ">
    <subfield code="1">0</subfield>
    <subfield code="4">0</subfield>
    <subfield code="7">0</subfield>
    <subfield code="a">BACB</subfield>
    <subfield code="b">BACB</subfield>
    <subfield code="o">374 V335p</subfield>
    <subfield code="p">15170</subfield>
    <subfield code="w">2016-09-08</subfield>
    <subfield code="y">BK</subfield>
  </datafield>
</record>
